000 02665nam a22011057a 4500
003 PE-LiUPU
005 20250813185653.0
008 221124b |||||||| |||| 00| 0 spa d
020 _a9781600922213
040 _aPE-LiUPU
_beng
_cPE-LiUPU
_erda
082 _a363.73874
_bA626a
110 _9651
_aAnswers in Genesis
_eAutor.
245 _aA Pocket Guide to. Global Waming :
_bA Scientific and biblical exposé of climate change /
250 _a1a Edición.
264 _aKentucky, USA :
_bAnswer in Genesis,
_c2008.
300 _a96 páginas :
_bTablas, Graficos e Ilustraciones,
_c18 centímetros.
500 _aSexta impresión.
505 _aIntroduction -- Creation and Conservation -- Global Warming in Perspective -- Human-Caused Global Warming Slight So Far -- How Much Global Warming Is Natural? -- Evidence for Global Warming -- The Right Foundation -- Global Warming: A Scientific and Biblical Exposé of Climate Change (DVD Transcript) -- DVD Transcript Biographies.
526 _aP202
526 _aP201
526 _aP163
526 _aP162
526 _aP161
526 _aP160
526 _aP148
526 _aP147
526 _aP146
526 _aP145
526 _aP144
526 _aP143
526 _aP142
526 _aP141
526 _aP140
526 _aP139
526 _aP138
526 _aP137
526 _aP136
526 _aP135
526 _aP134
526 _aP133
526 _aP129
526 _aP128
526 _aP127
526 _aP120
526 _aP119
526 _aP118
526 _aP116
526 _aP115
526 _aP114
526 _aP110
526 _aP109
526 _aP108
526 _aP104
526 _aP103
526 _aP102
526 _aP99
526 _aP98
526 _aP97
526 _aP96
526 _aP95
526 _aP93
526 _aP90
526 _aP89
526 _aP88
526 _aP83
526 _aP82
526 _aP62
526 _aP59
526 _aP58
526 _aP57
526 _aP51
526 _aP49
526 _aP48
526 _aP47
526 _aP29
526 _aP24
526 _aP20
526 _aP19
526 _aP17
526 _aP15
526 _aP14
526 _aP12
526 _aP10
526 _aP09
526 _aP08
526 _aP07
526 _aP06
526 _aP05
526 _aP04
526 _aP01
650 0 _9327
_aCambio climático
650 0 _9652
_aCiencia
_xBiblia.
942 _2ddc
_cBK
_n0
980 _622041
_aELI VALDERRAMA Analista Documental
_81
_gALBERTO SANCHEZ Responsable de Automatización
999 _c61626
_d61626